Loading...
| Religion | 0 | 9 | 0 | 1 | 90 | 45 | 82.67 | 1 | 8 | 0.00 | 0.00 |
| Philosophy | 0 | 9 | 0 | 1 | 90 | 54 | 83.78 | 4 | 8 | 0.00 | 0.00 |
| Literature - World | 0 | 8 | 0 | 0 | 80 | 46 | 72.63 | 2 | 5 | 0.00 | 0.00 |
| Literature - European | 0 | 8 | 1 | 0 | 75 | 54 | 82.38 | 3 | 7 | 0.00 | 0.00 |
| Science - Physics | 0 | 7 | 1 | 2 | 65 | 26 | 80.00 | 2 | 5 | 0.00 | 0.00 |
| Social Science | 0 | 6 | 0 | 0 | 60 | 33 | 65.00 | 1 | 4 | 0.00 | 0.00 |
| Fine Arts - Painting and Sculpture | 0 | 6 | 0 | 0 | 60 | 29 | 63.17 | 1 | 4 | 0.00 | 0.00 |
| Literature - British | 0 | 6 | 0 | 1 | 60 | 66 | 100.67 | 0 | 3 | 0.00 | 0.00 |
| Science - Biology | 0 | 6 | 0 | 4 | 60 | 73 | 99.67 | 0 | 2 | 0.00 | 0.00 |
| Science - Chemistry | 0 | 6 | 1 | 3 | 55 | 14 | 76.33 | 0 | 3 | 0.00 | 0.00 |
| Fine Arts - Classical Music | 0 | 6 | 2 | 0 | 50 | 74 | 93.00 | 0 | 4 | 0.00 | 0.00 |
| Mythology | 0 | 5 | 1 | 1 | 45 | 24 | 55.20 | 3 | 4 | 0.00 | 0.00 |
| History - European | 0 | 4 | 0 | 1 | 40 | 34 | 75.00 | 0 | 4 | 0.00 | 0.00 |
| History - World | 0 | 4 | 0 | 1 | 40 | 54 | 90.50 | 0 | 2 | 0.00 | 0.00 |
| Fine Arts - Other | 0 | 5 | 3 | 2 | 35 | 66 | 99.20 | 2 | 3 | 0.00 | 0.00 |
| Science - Other | 0 | 5 | 3 | 0 | 35 | 23 | 60.20 | 2 | 4 | 0.00 | 0.00 |
| Literature - American | 0 | 3 | 0 | 0 | 30 | 75 | 106.67 | 0 | 2 | 0.00 | 0.00 |
| History - American | 0 | 3 | 0 | 1 | 30 | 16 | 64.00 | 1 | 2 | 0.00 | 0.00 |
| Geography | 0 | 2 | 0 | 1 | 20 | 123 | 127.00 | 0 | 0 | 0.00 | 0.00 |
| Current Events | 0 | 1 | 0 | 1 | 10 | 119 | 119.00 | 0 | 0 | 0.00 | 0.00 |
| History - Other | 0 | 1 | 0 | 0 | 10 | 96 | 96.00 | 0 | 1 | 0.00 | 0.00 |
| Other Academic | 0 | 1 | 0 | 0 | 10 | 86 | 86.00 | 0 | 0 | 0.00 | 0.00 |